000 00583nam a22001937a 4500
999 _c178371
_d178371
003 dpl
005 20210326122517.0
008 210326b ||||| |||| 00| 0 eng d
010 _aMAL9262
020 _a978-81-946820-4-2
_c420.00
040 _cDBAD Books
082 _a894.8121
_bSUR
100 _aസുറാബ്
245 _aഎൻ്റെ കവിതകൾ
_cസുറാബ്
260 _aThrissur
_bGreen Books
_c2020
270 _agh,building,civil lane road,ayyanthole,Thrissur
_bKerala
_dIndia
_e680003
300 _a344p
_c21cm
942 _2ddc
_cMA
_m894.8121SUR